| 000 | 00868cam a2200241 a 4500 | ||
|---|---|---|---|
| 008 | 040506s2003 mx 000 0 spa u | ||
| 020 | _a9688106712 | ||
| 035 | _aa436810 | ||
| 100 | 1 | _aRodríguez de Ita, Guadalupe | |
| 245 | 0 | 3 |
_aLa Política mexicana de asilo diplomático a la luz del caso guatemalteco (1944-1954) / _cGuadalupe Rodríguez de Ita. |
| 250 | _a1a ed. | ||
| 260 |
_aMéxico : _bInstituto Mora : _bSRE, _c2003. |
||
| 300 |
_a140 p. ; _c23 cm. |
||
| 500 | _a3 ejemplares | ||
| 504 | _aIncluye bibliografía, hemerografía e índice | ||
| 590 | _acopia 3: Proyecto PIFI 2005 | ||
| 650 | 4 |
_aRefugiados politicos _zMéxico |
|
| 650 | 4 |
_aDerecho de asilo _zMéxico |
|
| 651 | 4 |
_aMéxico _xRelaciones internacionales _zGuatemala |
|
| 651 | 4 |
_aGuatemala _xRelaciones internacionales _zMéxico |
|
| 942 |
_2lcc _cLIB |
||
| 999 |
_c68791 _d68791 |
||